La sainte alliance

Salvato in:
Dettagli Bibliografici
Autore principale: Pontaut, Alain
Natura: Libro
Lingua:Undetermined
Pubblicazione: Ottawa, Canadá Leméac 1977
Soggetti:
Tags: Aggiungi Tag
Nessun Tag, puoi essere il primo ad aggiungerne!!

MARC

LEADER 00000nam a2200000Ia 4500
008 170316s9999 xx 000 0 und d
040 |a cru BVZT 
090 |a 818 P-6s 
100 |a Pontaut, Alain 
245 |a La sainte alliance 
260 |a Ottawa, Canadá 
260 |b Leméac 
260 |c 1977 
300 |a 261 páginas 
650 |a LITERATURA CANADIENSE 
999 |c 6619  |d 6619 
942 |c 15 D  |h 818 P-6s  |2 z